000 00471cam a2200193 4500
008 090401t1989 xxu||||| |||| 00| 0 eng d
020 _a1852715030
035 _a(Sirsi) u64784
041 _aeng
050 _a336.271
100 _aJohnson, Tony
245 _aVAT on buildings and land : the new rules
250 _a3rd ed.
260 _aLondon
_bIBC Financial Books
_c1989
300 _aviii,106p. ; 23cm.
350 _a25
942 _n0
948 _c04/03/1997
999 _c94704
_d94704